000 00545nam a2200181Ia 4500
008 131103s9999 xx 000 0 und d
040 _aLoreto College
041 _aEnglish
082 _a915.42/GAN
_bLCLIB(press)/22177
100 _aGansser, Augusto
245 _aGeology of the Himalayas
_cAugusto Gansser
260 _aLondon
_bInterscience Publishers
_c1964
300 _axvi,289 p.
_b ill., figures
_c 29 cm.
504 _aIncludes bibliographical references and index
650 _aGeology
850 _aLCLIB/915.42/GAN
942 _cBK
999 _c24887
_d75366